[Event "II MIEDZYNARODOWY MEMORIAL IM. REGINY GE"]
[Site "Lublin"]
[Date "2012.??.??"]
[Round "4.6"]
[White "Gosek, Zenon"]
[Black "Wojcieszyn, Zdzislaw"]
[Result "1/2-1/2"]
[WhiteElo "2054"]
[BlackElo "1958"]
[PlyCount "30"]
[EventDate "2012.??.??"]

1. e4 e5 2. Nf3 Nc6 3. d4 exd4 4. Nxd4 Qf6 5. Be3 Bc5 6. c3 Nge7 7. Bc4 Bb6 8.
O-O O-O 9. Qd3 d6 10. Nd2 Nxd4 11. Bxd4 Bxd4 12. Qxd4 Qxd4 13. cxd4 Be6 14.
Bxe6 fxe6 15. Rac1 c6 1/2-1/2

[Event "II MIEDZYNARODOWY MEMORIAL IM. REGINY GE"]
[Site "Lublin"]
[Date "2012.??.??"]
[Round "4.7"]
[White "Siedlanowski, Lukasz"]
[Black "Topolan, Agata"]
[Result "1-0"]
[WhiteElo "1853"]
[BlackElo "1437"]
[PlyCount "53"]
[EventDate "2012.??.??"]

1. e4 c6 2. d4 d5 3. Nd2 dxe4 4. Nxe4 Bf5 5. Ng3 Bg6 6. f4 e6 7. Nf3 Nd7 8. Bc4
Be7 9. O-O h6 10. Qe2 Ngf6 11. Re1 a5 12. Nh4 Bh7 13. f5 Qb6 14. c3 e5 15. Kh1
Nd5 16. Nf3 O-O 17. dxe5 Rae8 18. Qe4 Nc7 19. e6 Nf6 20. exf7+ Rxf7 21. Bxf7+
Kxf7 22. Qc4+ Nfd5 23. Ne5+ Kf8 24. Be3 c5 25. Ne4 Bg8 26. Nf6 Nxf6 27. Ng6#
1-0

[Event "II MIEDZYNARODOWY MEMORIAL IM. REGINY GE"]
[Site "Lublin"]
[Date "2012.??.??"]
[Round "4.11"]
[White "Gorecki, Jaroslaw"]
[Black "Fiala, Lukasz"]
[Result "1-0"]
[WhiteElo "1562"]
[BlackElo "1674"]
[PlyCount "47"]
[EventDate "2012.??.??"]

1. e4 c6 2. d4 d5 3. Nd2 dxe4 4. Nxe4 Bf5 5. Ng3 Bg6 6. h4 h6 7. h5 Bh7 8. Nf3
Nd7 9. Bd3 Bxd3 10. Qxd3 Ngf6 11. Bf4 e6 12. O-O-O Nd5 13. Bd2 Qc7 14. Kb1
O-O-O 15. c4 N5f6 16. Ne4 Nxe4 17. Qxe4 Nf6 18. Qe2 Bd6 19. g3 Rhe8 20. c5 Bf8
21. Bf4 Qa5 22. Ne5 Qc7 23. Nc4 Qd7 24. Qe5 1-0

[Event "II MIEDZYNARODOWY MEMORIAL IM. REGINY GE"]
[Site "Lublin"]
[Date "2012.??.??"]
[Round "5.1"]
[White "Czerw, Dawid"]
[Black "Polkowski, Piotr"]
[Result "1/2-1/2"]
[WhiteElo "1880"]
[BlackElo "2179"]
[PlyCount "54"]
[EventDate "2012.??.??"]

1. d4 d6 2. Nf3 Nc6 3. e4 e5 4. dxe5 Nxe5 5. Nxe5 dxe5 6. Qxd8+ Kxd8 7. Bc4 f6
8. Be3 c6 9. Nd2 Kc7 10. O-O-O Bd7 11. Nb3 b6 12. Rd2 Be8 13. Rhd1 Be7 14. a4
Rd8 15. Rxd8 Bxd8 16. a5 Be7 17. axb6+ axb6 18. Nd2 h5 19. Bb3 Nh6 20. f3 Nf7
21. Nc4 b5 22. Nd2 Nd6 23. c4 Bg6 24. cxb5 Nxb5 25. Nb1 Rb8 26. Be6 Be8 27. Rd3
Bd6 1/2-1/2

[Event "II MIEDZYNARODOWY MEMORIAL IM. REGINY GE"]
[Site "Lublin"]
[Date "2012.??.??"]
[Round "5.2"]
[White "Maka, Michal"]
[Black "Dybowski, Artur"]
[Result "1-0"]
[WhiteElo "2017"]
[BlackElo "1680"]
[PlyCount "83"]
[EventDate "2012.??.??"]

1. Nf3 d5 2. d4 Nf6 3. Bf4 e6 4. e3 Bd6 5. Ne5 Nbd7 6. Nd2 O-O 7. Bd3 c5 8. c3
Qc7 9. Ndf3 Ne4 10. Qc2 Ndf6 11. g4 c4 12. Be2 Nxg4 13. Nxg4 Bxf4 14. exf4 Qxf4
15. Ne3 b5 16. Rg1 a5 17. Qc1 f6 18. Ng4 Qd6 19. Nd2 Ng5 20. Nf3 Nh3 21. Rg3
Nf4 22. Qd2 b4 23. Rb1 Rb8 24. b3 Nxe2 25. Kxe2 Ba6 26. Ke1 a4 27. Rb2 cxb3 28.
axb3 bxc3 29. Qxc3 Qb4 30. Nd2 Rfc8 31. Nxf6+ Kf7 32. Nxd5 exd5 33. Qf3+ Ke6
34. Qg4+ Kd6 35. Qf4+ Kc6 36. Rxg7 Kb6 37. f3 Qc3 38. Qd6+ Ka5 39. Qxd5+ Rb5
40. b4+ Kb6 41. Qd6+ Rc6 42. Qb8+ 1-0

[Event "II MIEDZYNARODOWY MEMORIAL IM. REGINY GE"]
[Site "Lublin"]
[Date "2012.??.??"]
[Round "5.3"]
[White "Szczygiel, Konrad"]
[Black "Fraczek, Dariusz"]
[Result "0-1"]
[WhiteElo "1824"]
[BlackElo "2212"]
[PlyCount "56"]
[EventDate "2012.??.??"]

1. d4 e6 2. c4 Nf6 3. Nc3 d5 4. e3 c5 5. Nf3 Nc6 6. Bd3 dxc4 7. Bxc4 cxd4 8.
exd4 Be7 9. Bd3 O-O 10. Bg5 Nb4 11. Bb1 b6 12. a3 Nbd5 13. Qd3 g6 14. h4 Bb7
15. Nd2 Nh5 16. Nxd5 Bxd5 17. Ne4 Bxe4 18. Qxe4 Bxg5 19. g4 Nf6 20. Qf3 Bc1 21.
h5 Qd5 22. Qxf6 Qxh1+ 23. Ke2 Bh6 24. Bxg6 Qxa1 25. Be4 Qxb2+ 26. Kf3 Bg7 27.
Qg5 h6 28. Qh4 Rac8 0-1

[Event "II MIEDZYNARODOWY MEMORIAL IM. REGINY GE"]
[Site "Lublin"]
[Date "2012.??.??"]
[Round "5.4"]
[White "Praszak, Michal"]
[Black "Krasowski, Piotr"]
[Result "1-0"]
[WhiteElo "2156"]
[BlackElo "1795"]
[PlyCount "59"]
[EventDate "2012.??.??"]

1. d4 c5 2. d5 Nf6 3. Nc3 d6 4. e4 g6 5. Nf3 Bg7 6. Be2 O-O 7. O-O Nbd7 8. Bf4
Nh5 9. Be3 a6 10. Nd2 Nhf6 11. a4 Ne5 12. h3 Ne8 13. a5 f5 14. f4 Nd7 15. exf5
gxf5 16. Nc4 Nc7 17. Na4 Rb8 18. c3 Na8 19. Bf2 b5 20. axb6 Naxb6 21. Naxb6
Nxb6 22. Na5 Qc7 23. Nc6 Ra8 24. Bh4 e6 25. Ne7+ Kh8 26. Nxc8 Qxc8 27. dxe6
Qxe6 28. Rxa6 Rxa6 29. Bxa6 Rg8 30. Re1 1-0

[Event "II MIEDZYNARODOWY MEMORIAL IM. REGINY GE"]
[Site "Lublin"]
[Date "2012.??.??"]
[Round "5.5"]
[White "Gosek, Zenon"]
[Black "Siedlanowski, Lukasz"]
[Result "0-1"]
[WhiteElo "2054"]
[BlackElo "1853"]
[PlyCount "102"]
[EventDate "2012.??.??"]

1. e4 g6 2. d4 c6 3. c4 d5 4. Nc3 Bg7 5. Be3 dxe4 6. Nxe4 Nh6 7. h3 Nf5 8. Nf3
Na6 9. Qd2 Nc7 10. Be2 b6 11. O-O Bb7 12. Rad1 O-O 13. a3 Qe8 14. Qc2 Rd8 15.
Rd2 Nxe3 16. fxe3 f5 17. Nc3 Bh6 18. Rd3 Ne6 19. b4 Ba6 20. Qb3 Kh8 21. b5 cxb5
22. cxb5 Bc8 23. Nd5 Rd6 24. Rc3 f4 25. e4 Ng5 26. Nxg5 Bxg5 27. e5 Rd8 28. Nc7
Qd7 29. d5 Qf5 30. Re3 fxe3 31. Rxf5 Bxf5 32. Bf3 h5 33. h4 Bf4 34. Qc3 Kh7 35.
Qd4 Bh6 36. Na6 Rc8 37. Nb4 Rc1+ 38. Kh2 Bg4 39. Bxg4 hxg4 40. Qxg4 Bf4+ 41. g3
Bxe5 42. Nd3 Rf2+ 43. Nxf2 exf2 44. h5 Rh1+ 45. Kxh1 f1=Q+ 46. Kh2 Qf2+ 47. Kh3
Qxg3+ 48. Qxg3 Bxg3 49. Kxg3 gxh5 50. Kf4 Kg6 51. a4 Kf6 0-1

[Event "II MIEDZYNARODOWY MEMORIAL IM. REGINY GE"]
[Site "Lublin"]
[Date "2012.??.??"]
[Round "5.6"]
[White "Pikulinski, Janusz"]
[Black "Krzyzanowski, Wojciech"]
[Result "0-1"]
[WhiteElo "1999"]
[BlackElo "2010"]
[PlyCount "74"]
[EventDate "2012.??.??"]

1. e4 c5 2. Nf3 Nc6 3. d3 g6 4. g3 Bg7 5. Bg2 d6 6. O-O Nf6 7. Nbd2 O-O 8. Nc4
Qc7 9. Re1 Nd7 10. a4 b6 11. Bf4 Bb7 12. Qc1 Rfe8 13. Bh6 Bh8 14. Ng5 e5 15.
Ne3 Nf6 16. c3 Qe7 17. Nd5 Nxd5 18. exd5 Nd8 19. Ne4 f6 20. c4 Bc8 21. Be3 a5
22. Qd1 Nf7 23. Nc3 Bd7 24. Nb5 Bxb5 25. axb5 f5 26. Bd2 Bf6 27. Bc3 Qf8 28. h4
Qg7 29. Qf3 h5 30. Qe3 Re7 31. f3 Rae8 32. Kf2 Nh6 33. Ke2 f4 34. Qf2 Nf5 35.
gxf4 Bxh4 36. Qg1 Bxe1 37. Rxe1 exf4+ 0-1

[Event "II MIEDZYNARODOWY MEMORIAL IM. REGINY GE"]
[Site "Lublin"]
[Date "2012.??.??"]
[Round "5.8"]
[White "Maik, Marcin"]
[Black "Szysz, Mateusz"]
[Result "1/2-1/2"]
[WhiteElo "1544"]
[BlackElo "1627"]
[PlyCount "62"]
[EventDate "2012.??.??"]

1. d4 d5 2. Nf3 Nf6 3. c4 e6 4. Nc3 Be7 5. Bg5 O-O 6. e3 c6 7. c5 b5 8. b4 a5
9. a3 Nbd7 10. Bd3 a4 11. h3 Ne8 12. Bf4 f5 13. Bh2 h6 14. Nd2 Nef6 15. Qc2 Ne4
16. Nf1 Qe8 17. O-O-O Bg5 18. f3 Nxc3 19. Qxc3 Ra7 20. Qb2 Bd8 21. Bd6 Be7 22.
Bxe7 Qxe7 23. f4 Nf6 24. Qc2 Ne4 25. Qe2 Bd7 26. g4 Qh4 27. Rh2 Be8 28. Qg2 Bg6
29. Bxe4 fxe4 30. Ng3 Kh7 31. Rhh1 Raf7 1/2-1/2

[Event "II MIEDZYNARODOWY MEMORIAL IM. REGINY GE"]
[Site "Lublin"]
[Date "2012.??.??"]
[Round "5.9"]
[White "Fraczek, Weronika"]
[Black "Gorecki, Jaroslaw"]
[Result "1/2-1/2"]
[WhiteElo "1309"]
[BlackElo "1562"]
[PlyCount "103"]
[EventDate "2012.??.??"]

1. e4 c5 2. Nc3 d6 3. g3 Nc6 4. d3 g6 5. Bg2 Bg7 6. Be3 Nf6 7. Nf3 Ng4 8. Bd2
O-O 9. O-O Nge5 10. Qc1 Nxf3+ 11. Bxf3 Nd4 12. Bg2 Be6 13. Re1 Qd7 14. Ne2 Bh3
15. Nxd4 Bxd4 16. c3 Bg7 17. Bh6 Bxg2 18. Kxg2 d5 19. Bxg7 Kxg7 20. Qe3 e5 21.
exd5 Qxd5+ 22. Qe4 Rad8 23. Kf1 Qxe4 24. dxe4 Rd2 25. Re2 Rfd8 26. Ke1 R2d3 27.
Rc2 h5 28. Rcc1 f5 29. exf5 gxf5 30. Rd1 Kf6 31. Rxd3 Rxd3 32. Ke2 e4 33. Rf1
Rd6 34. f3 Re6 35. fxe4 Rxe4+ 36. Kf3 h4 37. gxh4 Rxh4 38. Kg3 Rg4+ 39. Kf3 Rh4
40. Kg3 Rh7 41. Re1 b6 42. b3 f4+ 43. Kxf4 Rxh2 44. Ra1 Rb2 45. Ke3 Ke5 46. c4
a5 47. Kd3 Kd6 48. Kc3 Rh2 49. a4 Rh3+ 50. Kc2 Rh2+ 51. Kc3 Rh6 52. Re1 1/2-1/2

[Event "II MIEDZYNARODOWY MEMORIAL IM. REGINY GE"]
[Site "Lublin"]
[Date "2012.??.??"]
[Round "5.11"]
[White "Topolan, Agata"]
[Black "Topolan, Pawel"]
[Result "1-0"]
[WhiteElo "1437"]
[BlackElo "1316"]
[PlyCount "52"]
[EventDate "2012.??.??"]

1. e4 e5 2. Nf3 Nc6 3. Bb5 a6 4. Ba4 d6 5. c3 Nf6 6. d3 b5 7. Bb3 Na5 8. Bc2 c5
9. Nbd2 Be7 10. Nf1 O-O 11. Ng3 Bg4 12. h3 Bxf3 13. Qxf3 Nc6 14. Nf5 Re8 15.
Qg3 Bf8 16. Nh6+ Kh8 17. Nxf7+ Kg8 18. Nxd8 Raxd8 19. Bg5 Kh8 20. Bxf6 gxf6 21.
O-O-O b4 22. Qf3 Bh6+ 23. Kb1 Bg5 24. h4 Bf4 25. g3 Bh6 26. Qxf6+ Bg7 1-0

[Event "II MIEDZYNARODOWY MEMORIAL IM. REGINY GE"]
[Site "Lublin"]
[Date "2012.??.??"]
[Round "6.1"]
[White "Czerw, Dawid"]
[Black "Maka, Michal"]
[Result "1/2-1/2"]
[WhiteElo "1880"]
[BlackElo "2017"]
[PlyCount "43"]
[EventDate "2012.??.??"]

1. d4 d6 2. Nf3 Bg4 3. e4 e6 4. Be3 Nf6 5. Nbd2 Be7 6. Bd3 Bh5 7. h3 d5 8. e5
Nfd7 9. c3 c5 10. Qb1 Bg6 11. Bxg6 hxg6 12. Nb3 c4 13. Nbd2 Nc6 14. b4 b5 15.
O-O O-O 16. Nh2 a5 17. a3 Qb6 18. Qd1 axb4 19. axb4 Ra6 20. Qg4 Rfa8 21. Rac1
Ra2 22. Nhf3 1/2-1/2

[Event "II MIEDZYNARODOWY MEMORIAL IM. REGINY GE"]
[Site "Lublin"]
[Date "2012.??.??"]
[Round "6.2"]
[White "Polkowski, Piotr"]
[Black "Fraczek, Dariusz"]
[Result "1-0"]
[WhiteElo "2179"]
[BlackElo "2212"]
[PlyCount "89"]
[EventDate "2012.??.??"]

1. e4 e6 2. Nc3 d5 3. f4 dxe4 4. Nxe4 Nf6 5. d3 Nxe4 6. dxe4 Qxd1+ 7. Kxd1 Bc5
8. Nf3 O-O 9. Bd3 b6 10. Ke2 Ba6 11. Be3 Bxe3 12. Kxe3 Bxd3 13. cxd3 c5 14. d4
cxd4+ 15. Nxd4 Rc8 16. Rac1 Na6 17. Nb5 Kf8 18. Rhd1 Rxc1 19. Rxc1 Ke7 20. Rc3
Nc5 21. b4 Nd7 22. Ra3 a5 23. Nd4 Nb8 24. bxa5 bxa5 25. Rb3 Nd7 26. Ra3 Kd6 27.
Rc3 Nc5 28. Nb3 Nxb3 29. Rxb3 Kc5 30. Rb7 Rf8 31. a4 Kc4 32. g4 h6 33. f5 exf5
34. gxf5 f6 35. Rxg7 Kb4 36. e5 fxe5 37. Ke4 Kxa4 38. Kxe5 Re8+ 39. Kf6 Re2 40.
h4 Re4 41. h5 Kb3 42. Rg3+ Kb2 43. Rg2+ Kb3 44. Kg7 Re7+ 45. Kxh6 1-0

[Event "II MIEDZYNARODOWY MEMORIAL IM. REGINY GE"]
[Site "Lublin"]
[Date "2012.??.??"]
[Round "6.3"]
[White "Wojcieszyn, Zdzislaw"]
[Black "Praszak, Michal"]
[Result "0-1"]
[WhiteElo "1958"]
[BlackElo "2156"]
[PlyCount "41"]
[EventDate "2012.??.??"]

1. c4 Nf6 2. Nc3 g6 3. g3 Bg7 4. Bg2 O-O 5. Nf3 d6 6. O-O Nbd7 7. d4 c6 8. Bf4
a5 9. Qd2 Re8 10. Rfd1 a4 11. b4 Nb6 12. c5 Nc4 13. Qc2 a3 14. e4 Nb2 15. Re1
Nh5 16. Bc1 dxc5 17. dxc5 Qd3 18. Qxd3 Nxd3 19. Bd2 Nxe1 20. Bxe1 Be6 21. e5
0-1

[Event "II MIEDZYNARODOWY MEMORIAL IM. REGINY GE"]
[Site "Lublin"]
[Date "2012.??.??"]
[Round "6.4"]
[White "Siedlanowski, Lukasz"]
[Black "Szczygiel, Konrad"]
[Result "0-1"]
[WhiteElo "1853"]
[BlackElo "1824"]
[PlyCount "68"]
[EventDate "2012.??.??"]

1. e4 c5 2. Nf3 d6 3. d4 cxd4 4. Nxd4 Nf6 5. Nc3 a6 6. Bd3 e6 7. O-O Be7 8. Kh1
O-O 9. f4 Qc7 10. Bd2 b5 11. a3 Nbd7 12. Qe2 Bb7 13. Rae1 Nc5 14. b4 Ncd7 15.
e5 dxe5 16. fxe5 Nd5 17. Qh5 g6 18. Qh6 Nxe5 19. Ne4 Ng4 20. Qh3 h5 21. Be2 Qe5
22. c3 Qxe4 23. Bd3 Qxe1 24. Bxe1 Nde3 25. Rg1 Bd6 26. Bg3 Rac8 27. Ne2 f5 28.
Qh4 f4 29. Qg5 Rf6 30. Bxg6 fxg3 31. Bxh5+ Kh7 32. Bxg4 Rh6 33. h4 Rg8 34. Qxe3
Rxh4+ 0-1

[Event "II MIEDZYNARODOWY MEMORIAL IM. REGINY GE"]
[Site "Lublin"]
[Date "2012.??.??"]
[Round "6.5"]
[White "Krzyzanowski, Wojciech"]
[Black "Dybowski, Artur"]
[Result "1-0"]
[WhiteElo "2010"]
[BlackElo "1680"]
[PlyCount "45"]
[EventDate "2012.??.??"]

1. d4 d5 2. c4 e6 3. Nf3 c5 4. e3 Nf6 5. a3 Nc6 6. dxc5 Bxc5 7. b4 Bd6 8. Bb2
O-O 9. Be2 dxc4 10. Bxc4 Qc7 11. Nbd2 a6 12. Rc1 Ne5 13. Nxe5 Bxe5 14. Bxe6 Qd6
15. Bxe5 Qxe5 16. Bxc8 Raxc8 17. O-O Qb2 18. Nb1 h6 19. h3 Rfd8 20. Rxc8 Rxc8
21. Qd4 Qb3 22. e4 Rc4 23. Qd8+ 1-0

[Event "II MIEDZYNARODOWY MEMORIAL IM. REGINY GE"]
[Site "Lublin"]
[Date "2012.??.??"]
[Round "6.7"]
[White "Fraczek, Weronika"]
[Black "Gosek, Zenon"]
[Result "0-1"]
[WhiteElo "1309"]
[BlackElo "2054"]
[PlyCount "43"]
[EventDate "2012.??.??"]

1. e4 c5 2. Nc3 Nc6 3. g3 g6 4. Bg2 Bg7 5. d3 e6 6. Be3 d6 7. f4 Nge7 8. Nf3
Rb8 9. O-O b5 10. Qc1 b4 11. Ne2 Qb6 12. Rd1 Nd4 13. Nexd4 cxd4 14. Bf2 Nc6 15.
Nd2 Qc7 16. Nc4 O-O 17. Qd2 a5 18. Qe2 e5 19. Re1 Be6 20. Nd2 Ne7 21. Nf3 Rfc8
22. Rac1 0-1

[Event "II MIEDZYNARODOWY MEMORIAL IM. REGINY GE"]
[Site "Lublin"]
[Date "2012.??.??"]
[Round "6.8"]
[White "Krasowski, Piotr"]
[Black "Maik, Marcin"]
[Result "1-0"]
[WhiteElo "1795"]
[BlackElo "1544"]
[PlyCount "77"]
[EventDate "2012.??.??"]

1. f4 d5 2. g3 Nc6 3. Nf3 Nf6 4. Bg2 Bg4 5. O-O e6 6. d4 Bh5 7. h3 Bb4 8. c3
Ba5 9. Kh2 Bg6 10. Nbd2 h6 11. Ne5 Bh7 12. Nxc6 bxc6 13. Qa4 Bb6 14. Qxc6+ Nd7
15. e4 dxe4 16. Nxe4 O-O 17. Nf2 Rc8 18. Ng4 Qe7 19. Bd2 Nf6 20. Ne5 Rcd8 21.
Rad1 Rd6 22. Qb7 Bc2 23. Rc1 Ba4 24. Nc4 Bb5 25. Nxd6 Bxf1 26. Nc8 Qd8 27. Rxf1
Qxc8 28. Qxc8 Rxc8 29. Bc6 Rd8 30. Be3 Rd6 31. Bf3 Kf8 32. Rd1 a5 33. c4 Rd8
34. Kg2 Ke7 35. Kf2 h5 36. Ke2 g6 37. f5 exf5 38. c5 Ba7 39. Bg5 1-0

[Event "II MIEDZYNARODOWY MEMORIAL IM. REGINY GE"]
[Site "Lublin"]
[Date "2012.??.??"]
[Round "6.9"]
[White "Szysz, Mateusz"]
[Black "Topolan, Agata"]
[Result "1-0"]
[WhiteElo "1627"]
[BlackElo "1437"]
[PlyCount "73"]
[EventDate "2012.??.??"]

1. e4 c5 2. Nf3 Nc6 3. d4 cxd4 4. Nxd4 Nf6 5. Nc3 e5 6. Ndb5 d6 7. Bg5 a6 8.
Na3 Be7 9. Bxf6 Bxf6 10. Nd5 b5 11. c3 O-O 12. Nc2 Rb8 13. Nce3 b4 14. cxb4
Nxb4 15. Qd2 a5 16. Bc4 Ba6 17. Bxa6 Nxa6 18. Nxf6+ Qxf6 19. Nd5 Qh4 20. O-O
Nc5 21. f3 f5 22. exf5 Rxf5 23. Ne3 Rf6 24. Rab1 a4 25. Ng4 Rg6 26. Qd5+ Kh8
27. Nxe5 dxe5 28. Qxc5 Qf4 29. Qf2 Rf8 30. Rbe1 Qg5 31. Re4 Rf4 32. Rxf4 Qxf4
33. Qc2 Qd4+ 34. Kh1 Qd7 35. Rd1 Qe8 36. Qc7 Rc6 37. Qxc6 1-0

[Event "II MIEDZYNARODOWY MEMORIAL IM. REGINY GE"]
[Site "Lublin"]
[Date "2012.??.??"]
[Round "6.10"]
[White "Topolan, Pawel"]
[Black "Gorecki, Jaroslaw"]
[Result "1-0"]
[WhiteElo "1316"]
[BlackElo "1562"]
[PlyCount "88"]
[EventDate "2012.??.??"]

1. e4 c5 2. Nf3 d6 3. d4 cxd4 4. Nxd4 Nf6 5. Nc3 g6 6. Be3 Bg7 7. f3 O-O 8. Qd2
Nc6 9. g4 Qa5 10. h4 h5 11. gxh5 Nxh5 12. O-O-O Nxd4 13. Bxd4 Be6 14. Bxg7 Kxg7
15. a3 Qe5 16. Be2 Rac8 17. Rhg1 Nf4 18. Rg5 f5 19. Rdg1 Rh8 20. Bd3 Rxc3 21.
Qxc3 Qxc3 22. bxc3 Kf6 23. Rh1 Bd7 24. exf5 Nxd3+ 25. cxd3 Bxf5 26. Kd2 Rc8 27.
Rgg1 Rh8 28. Rb1 b6 29. Rb4 d5 30. c4 Rd8 31. cxd5 Rxd5 32. Rb3 Ke5 33. Ke3 Rd7
34. h5 gxh5 35. Rxh5 e6 36. Rh6 Rc7 37. Rb5+ Rc5 38. Rxc5+ bxc5 39. Rh8 Kd5 40.
Ra8 c4 41. dxc4+ Kxc4 42. Rxa7 Kc5 43. Ra5+ Kb6 44. Rxf5 exf5 1-0

[Event "II MIEDZYNARODOWY MEMORIAL IM. REGINY GE"]
[Site "Lublin"]
[Date "2012.??.??"]
[Round "7.1"]
[White "Maka, Michal"]
[Black "Praszak, Michal"]
[Result "0-1"]
[WhiteElo "2017"]
[BlackElo "2156"]
[PlyCount "58"]
[EventDate "2012.??.??"]

1. Nf3 Nf6 2. g3 g6 3. Bg2 Bg7 4. O-O O-O 5. c4 d6 6. Nc3 Nc6 7. d3 e5 8. Bd2
h6 9. Ne1 Be6 10. Nd5 Nd7 11. Nc2 f5 12. Rb1 a5 13. f4 Kh7 14. e3 Bf7 15. Bc3
Ncb8 16. e4 c6 17. Nde3 fxe4 18. dxe4 Qe7 19. f5 g5 20. Qd2 Nf6 21. Bxa5 Rc8
22. Rfd1 Bf8 23. b4 Nbd7 24. b5 Nc5 25. Bb4 Rxa2 26. bxc6 bxc6 27. Ba3 Qa7 28.
Bxc5 Qxc5 29. Rb3 Qa7 0-1

[Event "II MIEDZYNARODOWY MEMORIAL IM. REGINY GE"]
[Site "Lublin"]
[Date "2012.??.??"]
[Round "7.2"]
[White "Krzyzanowski, Wojciech"]
[Black "Polkowski, Piotr"]
[Result "0-1"]
[WhiteElo "2010"]
[BlackElo "2179"]
[PlyCount "92"]
[EventDate "2012.??.??"]

1. d4 d6 2. c4 e5 3. Nf3 Nc6 4. Nc3 Nf6 5. g3 Be7 6. Bg2 O-O 7. O-O h6 8. d5
Nb8 9. e4 Nh7 10. Ne1 Bg5 11. f4 exf4 12. Bxf4 Nd7 13. Nd3 Re8 14. Qf3 a6 15.
Rae1 Qf6 16. Bxg5 Qxf3 17. Rxf3 Nxg5 18. Rfe3 Ne5 19. Nxe5 Rxe5 20. h4 Nh7 21.
b4 Bd7 22. Nd1 a5 23. b5 Rae8 24. Nf2 Nf6 25. Nd3 R5e7 26. Bf3 b6 27. Kf2 Ng4+
28. Bxg4 Bxg4 29. e5 dxe5 30. Rxe5 Kf8 31. Rxe7 Rxe7 32. Rxe7 Kxe7 33. Ke3 Bf5
34. Nc1 f6 35. Kd4 Bd7 36. Ne2 g5 37. hxg5 fxg5 38. Ke5 h5 39. Nd4 h4 40. gxh4
gxh4 41. Nf3 h3 42. Nh2 Bc8 43. a3 Bd7 44. Nf1 Bg4 45. Ng3 h2 46. Kf4 Be2 0-1

[Event "II MIEDZYNARODOWY MEMORIAL IM. REGINY GE"]
[Site "Lublin"]
[Date "2012.??.??"]
[Round "7.5"]
[White "Szysz, Mateusz"]
[Black "Siedlanowski, Lukasz"]
[Result "0-1"]
[WhiteElo "1627"]
[BlackElo "1853"]
[PlyCount "82"]
[EventDate "2012.??.??"]

1. e4 c6 2. d4 d5 3. Nd2 g6 4. Ngf3 Bg7 5. c3 dxe4 6. Nxe4 Nd7 7. Bd3 Ngf6 8.
O-O O-O 9. Re1 b6 10. Bd2 Bb7 11. Qc2 Qc7 12. Rad1 Nxe4 13. Bxe4 Nf6 14. Bd3 c5
15. Be2 Rad8 16. h3 cxd4 17. Nh2 Ne4 18. Bf3 Nxd2 19. Bxb7 Qxb7 20. cxd4 Bh6
21. Ng4 Bf4 22. Rxd2 Bxd2 23. Qxd2 Qd7 24. Qe3 Rfe8 25. Qb3 Kg7 26. Rd1 Qd5 27.
Qc3 Rc8 28. Qe3 Kh8 29. Ne5 Kg8 30. a3 f6 31. Ng4 Rc6 32. Rd3 Rd6 33. Qf4 Qg5
34. Qxg5 fxg5 35. f3 Red8 36. Re3 Kf8 37. Ne5 Rxd4 38. Nc6 Rd1+ 39. Kh2 R8d7
40. Ne5 R7d6 41. Nc4 Rc6 0-1

[Event "II MIEDZYNARODOWY MEMORIAL IM. REGINY GE"]
[Site "Lublin"]
[Date "2012.??.??"]
[Round "7.6"]
[White "Gosek, Zenon"]
[Black "Krasowski, Piotr"]
[Result "0-1"]
[WhiteElo "2054"]
[BlackElo "1795"]
[PlyCount "44"]
[EventDate "2012.??.??"]

1. d4 d6 2. e4 Nf6 3. f3 e5 4. dxe5 Nxe4 5. Bf4 Nc5 6. exd6 Bxd6 7. Bxd6 cxd6
8. Bb5+ Nc6 9. Nc3 O-O 10. Qd2 a6 11. Be2 Qa5 12. O-O-O Bf5 13. a3 Rac8 14. g4
Bg6 15. f4 Ne4 16. Nxe4 Bxe4 17. Bf3 Qa4 18. Bxe4 Qxe4 19. Ne2 Na5 20. Nc3 Qf3
21. Rhf1 Qh3 22. Nd5 Nb3+ 0-1

[Event "II MIEDZYNARODOWY MEMORIAL IM. REGINY GE"]
[Site "Lublin"]
[Date "2012.??.??"]
[Round "7.7"]
[White "Dybowski, Artur"]
[Black "Wojcieszyn, Zdzislaw"]
[Result "0-1"]
[WhiteElo "1680"]
[BlackElo "1958"]
[PlyCount "44"]
[EventDate "2012.??.??"]

1. e4 c5 2. d4 cxd4 3. c3 dxc3 4. Nxc3 Nc6 5. Nf3 d6 6. Bc4 e6 7. O-O Nf6 8.
Qe2 a6 9. Bf4 Be7 10. Rfd1 Qc7 11. e5 dxe5 12. Nxe5 Nxe5 13. Bxe5 Qc6 14. Rac1
O-O 15. Bd3 Rd8 16. Ne4 Qe8 17. Nxf6+ Bxf6 18. Bxf6 gxf6 19. Qh5 f5 20. Qg5+
Kf8 21. g4 Qb5 22. gxf5 exf5 0-1

[Event "II MIEDZYNARODOWY MEMORIAL IM. REGINY GE"]
[Site "Lublin"]
[Date "2012.??.??"]
[Round "7.8"]
[White "Topolan, Agata"]
[Black "Fiala, Lukasz"]
[Result "0-1"]
[WhiteElo "1437"]
[BlackElo "1674"]
[PlyCount "62"]
[EventDate "2012.??.??"]

1. e4 d5 2. exd5 Qxd5 3. Nc3 Qa5 4. d4 Nf6 5. Nf3 Bg4 6. h3 Bxf3 7. Qxf3 c6 8.
Bd2 Nbd7 9. O-O-O e6 10. Qg3 O-O-O 11. Bc4 Nh5 12. Qf3 Nhf6 13. g4 Qc7 14. g5
Nb6 15. Bxe6+ fxe6 16. gxf6 Rxd4 17. fxg7 Bxg7 18. Rhe1 Rxd2 19. Kxd2 Bh6+ 20.
Ke2 Rf8 21. Qe4 Qf7 22. f3 Nc4 23. b3 Ne5 24. Rf1 Ng6 25. Kf2 Nf4 26. Rh1 Qg7
27. Qe1 Qg2+ 28. Ke3 Nd5+ 29. Kd4 Bg7+ 30. Kc4 Rf4+ 31. Ne4 Qxc2+ 0-1

[Event "II MIEDZYNARODOWY MEMORIAL IM. REGINY GE"]
[Site "Lublin"]
[Date "2012.??.??"]
[Round "7.9"]
[White "Pikulinski, Janusz"]
[Black "Fraczek, Weronika"]
[Result "1-0"]
[WhiteElo "1999"]
[BlackElo "1309"]
[PlyCount "85"]
[EventDate "2012.??.??"]

1. e4 e6 2. d4 d5 3. Nc3 Nf6 4. exd5 exd5 5. Bg5 Be7 6. Nf3 c6 7. Be2 Bf5 8.
O-O O-O 9. Qd2 Nbd7 10. Rfe1 Re8 11. Bd3 Bxd3 12. Qxd3 h6 13. Bh4 Qc7 14. Ne5
Bd6 15. f4 Bb4 16. Qf5 Nxe5 17. Bxf6 gxf6 18. fxe5 fxe5 19. dxe5 Bxc3 20. bxc3
Qc8 21. Qf4 Qe6 22. Re3 Kh7 23. Rf1 Re7 24. Kh1 Rg8 25. Rh3 Rg6 26. Rh5 Kg7 27.
Rf5 Rd7 28. h4 h5 29. Qf3 Rh6 30. Rxh5 Rxh5 31. Qxh5 Qg6 32. Qxg6+ fxg6 33. e6
Re7 34. Re1 Kf6 35. Kh2 b5 36. Kg3 a5 37. Kf4 c5 38. g4 Rxe6 39. Rxe6+ Kxe6 40.
h5 g5+ 41. Kxg5 Kf7 42. Kf5 b4 43. Ke5 1-0

[Event "II MIEDZYNARODOWY MEMORIAL IM. REGINY GE"]
[Site "Lublin"]
[Date "2012.??.??"]
[Round "7.10"]
[White "Gorecki, Jaroslaw"]
[Black "Maik, Marcin"]
[Result "1-0"]
[WhiteElo "1562"]
[BlackElo "1544"]
[PlyCount "81"]
[EventDate "2012.??.??"]

1. e4 e5 2. f4 d6 3. Nf3 Nf6 4. Nc3 Be7 5. d4 exd4 6. Nxd4 O-O 7. Be2 d5 8.
exd5 Nxd5 9. Nxd5 Qxd5 10. Bf3 Qa5+ 11. c3 Bf6 12. O-O Rd8 13. Be3 Qb6 14. Qb3
Qxb3 15. Nxb3 c6 16. Rad1 Re8 17. Bd4 Bxd4+ 18. Rxd4 Be6 19. Nc1 g6 20. b3 Nd7
21. h3 h5 22. g4 hxg4 23. hxg4 f5 24. g5 Nb6 25. c4 Rad8 26. Rdd1 Kf7 27. Kf2
Rh8 28. Rxd8 Rxd8 29. Ke3 Re8 30. Kd2 Rh8 31. Rh1 Rxh1 32. Bxh1 Ke7 33. Nd3 Kf7
34. Ke3 Nd7 35. Kd4 c5+ 36. Nxc5 Nxc5 37. Kxc5 b6+ 38. Kd6 Bc8 39. Bd5+ Kg7 40.
Kc7 Ba6 41. Kb8 1-0

[Event "II MIEDZYNARODOWY MEMORIAL IM. REGINY GE"]
[Site "Lublin"]
[Date "2012.??.??"]
[Round "8.1"]
[White "Polkowski, Piotr"]
[Black "Siedlanowski, Lukasz"]
[Result "1/2-1/2"]
[WhiteElo "2179"]
[BlackElo "1853"]
[PlyCount "44"]
[EventDate "2012.??.??"]

1. e4 c6 2. Nc3 d5 3. f4 dxe4 4. Nxe4 Nf6 5. Nxf6+ exf6 6. d4 Bf5 7. Be3 Bd6 8.
Bd3 Bxd3 9. Qxd3 Nd7 10. Ne2 O-O 11. O-O Re8 12. Rf3 Qe7 13. b3 a6 14. Rd1 Rad8
15. h3 Bb8 16. c3 b5 17. Qc2 Nb6 18. Ng3 g6 19. c4 bxc4 20. bxc4 Qb4 21. Qb3 c5
22. Qxb4 cxb4 1/2-1/2

[Event "II MIEDZYNARODOWY MEMORIAL IM. REGINY GE"]
[Site "Lublin"]
[Date "2012.??.??"]
[Round "8.2"]
[White "Praszak, Michal"]
[Black "Czerw, Dawid"]
[Result "1/2-1/2"]
[WhiteElo "2156"]
[BlackElo "1880"]
[PlyCount "70"]
[EventDate "2012.??.??"]

1. d4 d5 2. Nf3 Nf6 3. g3 Bf5 4. Bg2 e6 5. O-O Bd6 6. Nbd2 O-O 7. c4 c6 8. b3
Nbd7 9. Bb2 h6 10. Re1 Re8 11. Nh4 Bh7 12. e4 dxe4 13. Nxe4 Nxe4 14. Bxe4 Bxe4
15. Rxe4 Nf6 16. Re3 a5 17. Nf3 a4 18. Bc3 axb3 19. axb3 Rxa1 20. Qxa1 Qa8 21.
Re1 Be7 22. Qb2 Qb8 23. Ne5 Qc7 24. b4 b5 25. Qb3 Bd6 26. Ra1 Ne4 27. Nf3 Qb7
28. c5 Bc7 29. Qc2 Nxc3 30. Qxc3 Ra8 31. Ra3 Ra4 32. Rb3 Qa8 33. Kg2 Qd8 34.
Ra3 Qa8 35. Rxa4 Qxa4 1/2-1/2